Word Ladder: Former Music Editor Quiz Stats

Quiz Updated May 24, 2018

Challenge
Share
Tweet
Embed
Score 0/19 Timer 03:00
0 Plays Today
Clue 4-Letter Word % Correct
Madonna's 'Truth or ___'DARE
93.8%
Mark Knopfler's ___ StraitsDIRE
88%
'American Bandstand' host ClarkDICK
86.5%
'Jessie's Girl' singer SpringfieldRICK
85.4%
Grammy Award-winning indie rock band Arcade ___FIRE
83.3%
'He's So ___' by the ChiffonsFINE
81.8%
Pink Floyd song on their first album about a two-wheeled vehicleBIKE
80.9%
What the Fresh Prince saw on the mirror of the taxi on his way to Bel AirDICE
79.8%
'Heart of ___' by Neil YoungGOLD
78.7%
Bo who lost to Carrie Underwood on 'American Idol'BICE
75.6%
Clue 4-Letter Word % Correct
Taylor Swift's 2010 song about finding a lifemateMINE
75.5%
'The Living Years' band: ___ + the MechanicsMIKE
74.5%
'___ Me Now' by The Thompson TwinsHOLD
73.6%
'Stripper ___' by PitbullPOLE
71.7%
First half of the Former Sporcle Music Editor (or a type of music)ROCK
71.6%
Courtney Love's bandHOLE
69.7%
'A Whiter Shade of ___' by Procol HarumPALE
69.6%
'The King of Surf Guitar' DickDALE
66.6%
Second half of the Former Sporcle Music Editor (or a sport)GOLF
56.5%

Today's Daily Dose

Missing Word
Fruity Song Titles

Quick Pick
Double Blanks

On This Day
June 22nd II

You're not logged in!

Compare scores with friends on all Sporcle quizzes.
Join for Free
OR
Log In

You Might Also Like...

Show Comments

Extras

Top Quizzes Today


Score Distribution

Your Account Isn't Verified!

In order to create a playlist on Sporcle, you need to verify the email address you used during registration. Go to your Sporcle Settings to finish the process.

Report this User

Report this user for behavior that violates our Community Guidelines.

Details: